<?xml version="1.0" encoding="UTF-8"?>
<record
    xmlns:xsi="http://www.w3.org/2001/XMLSchema-instance"
    xsi:schemaLocation="http://www.loc.gov/MARC21/slim http://www.loc.gov/standards/marcxml/schema/MARC21slim.xsd"
    xmlns="http://www.loc.gov/MARC21/slim">

  <leader>00949nam a22002297a 4500</leader>
  <controlfield tag="005">20231229151544.0</controlfield>
  <datafield tag="010" ind1=" " ind2=" ">
    <subfield code="a">B-756297-302</subfield>
  </datafield>
  <datafield tag="020" ind1=" " ind2=" ">
    <subfield code="a">9788194780823</subfield>
    <subfield code="c">900.00</subfield>
  </datafield>
  <datafield tag="035" ind1=" " ind2=" ">
    <subfield code="a">B-756297-302</subfield>
  </datafield>
  <datafield tag="037" ind1=" " ind2=" ">
    <subfield code="a">BSB</subfield>
  </datafield>
  <datafield tag="082" ind1=" " ind2=" ">
    <subfield code="a">371.73</subfield>
  </datafield>
  <datafield tag="100" ind1=" " ind2=" ">
    <subfield code="a">Ataullah,S.K. MD</subfield>
    <subfield code="9">60448</subfield>
  </datafield>
  <datafield tag="245" ind1=" " ind2=" ">
    <subfield code="a">Anatomy and Physiology in Physical Education/</subfield>
    <subfield code="c">SK.MD. Ataullah &amp; M.K Jagirdar at Gitte Dilip Nathrao, Nagargoje Subhash Gunaji </subfield>
  </datafield>
  <datafield tag="260" ind1=" " ind2=" ">
    <subfield code="a">New Delhi </subfield>
    <subfield code="b">Khel Sahitya kendra </subfield>
    <subfield code="c">2021</subfield>
  </datafield>
  <datafield tag="270" ind1=" " ind2=" ">
    <subfield code="a">7/26, Ansari Road, Darya Ganj </subfield>
    <subfield code="b">New Delhi </subfield>
    <subfield code="e">110002</subfield>
  </datafield>
  <datafield tag="300" ind1=" " ind2=" ">
    <subfield code="a">222p.</subfield>
    <subfield code="b">col.ill</subfield>
    <subfield code="c">23cm(Hb)</subfield>
  </datafield>
  <datafield tag="700" ind1=" " ind2=" ">
    <subfield code="a">M.K Jagirdar</subfield>
    <subfield code="9">59379</subfield>
  </datafield>
  <datafield tag="700" ind1=" " ind2=" ">
    <subfield code="a">Gitte Dilip Nathrao </subfield>
    <subfield code="9">59380</subfield>
  </datafield>
  <datafield tag="700" ind1=" " ind2=" ">
    <subfield code="a">Nagaroje Subhash Gunaji </subfield>
    <subfield code="9">59381</subfield>
  </datafield>
  <datafield tag="942" ind1=" " ind2=" ">
    <subfield code="2">ddc</subfield>
    <subfield code="c">EN</subfield>
    <subfield code="h">371.73</subfield>
    <subfield code="m">ATA</subfield>
  </datafield>
  <datafield tag="999" ind1=" " ind2=" ">
    <subfield code="c">199415</subfield>
    <subfield code="d">199415</subfield>
  </datafield>
  <datafield tag="952" ind1=" " ind2=" ">
    <subfield code="0">0</subfield>
    <subfield code="1">0</subfield>
    <subfield code="4">0</subfield>
    <subfield code="7">0</subfield>
    <subfield code="8">NFIC</subfield>
    <subfield code="a">L</subfield>
    <subfield code="b">L</subfield>
    <subfield code="d">2023-12-29</subfield>
    <subfield code="e">Bharatiya Sahitya Bhavan/IN185/29.11.23/26/.23.11.23/1.12.23</subfield>
    <subfield code="g">900.00</subfield>
    <subfield code="l">0</subfield>
    <subfield code="o">371.73 ATA</subfield>
    <subfield code="p">B-756297</subfield>
    <subfield code="r">2023-12-29 00:00:00</subfield>
    <subfield code="t">1</subfield>
    <subfield code="v">900.00</subfield>
    <subfield code="w">2023-12-29</subfield>
    <subfield code="y">EN</subfield>
  </datafield>
  <datafield tag="952" ind1=" " ind2=" ">
    <subfield code="0">0</subfield>
    <subfield code="1">0</subfield>
    <subfield code="4">0</subfield>
    <subfield code="7">0</subfield>
    <subfield code="8">NFIC</subfield>
    <subfield code="a">AV</subfield>
    <subfield code="b">AV</subfield>
    <subfield code="d">2023-12-29</subfield>
    <subfield code="e">Bharatiya Sahitya Bhavan/IN185/29.11.23/26/.23.11.23/1.12.23</subfield>
    <subfield code="g">900.00</subfield>
    <subfield code="l">0</subfield>
    <subfield code="o">371.73 ATA</subfield>
    <subfield code="p">B-756298</subfield>
    <subfield code="r">2023-12-29 00:00:00</subfield>
    <subfield code="t">1</subfield>
    <subfield code="v">900.00</subfield>
    <subfield code="w">2023-12-29</subfield>
    <subfield code="y">EN</subfield>
  </datafield>
  <datafield tag="952" ind1=" " ind2=" ">
    <subfield code="0">0</subfield>
    <subfield code="1">0</subfield>
    <subfield code="4">0</subfield>
    <subfield code="7">0</subfield>
    <subfield code="8">NFIC</subfield>
    <subfield code="a">PR</subfield>
    <subfield code="b">PR</subfield>
    <subfield code="d">2023-12-29</subfield>
    <subfield code="e">Bharatiya Sahitya Bhavan/IN185/29.11.23/26/.23.11.23/1.12.23</subfield>
    <subfield code="g">900.00</subfield>
    <subfield code="l">0</subfield>
    <subfield code="o">371.73 ATA</subfield>
    <subfield code="p">B-756299</subfield>
    <subfield code="r">2023-12-29 00:00:00</subfield>
    <subfield code="t">1</subfield>
    <subfield code="v">900.00</subfield>
    <subfield code="w">2023-12-29</subfield>
    <subfield code="y">EN</subfield>
  </datafield>
  <datafield tag="952" ind1=" " ind2=" ">
    <subfield code="0">0</subfield>
    <subfield code="1">0</subfield>
    <subfield code="4">0</subfield>
    <subfield code="7">0</subfield>
    <subfield code="8">NFIC</subfield>
    <subfield code="a">DIZ</subfield>
    <subfield code="b">DIZ</subfield>
    <subfield code="d">2023-12-29</subfield>
    <subfield code="e">Bharatiya Sahitya Bhavan/IN185/29.11.23/26/.23.11.23/1.12.23</subfield>
    <subfield code="g">900.00</subfield>
    <subfield code="l">0</subfield>
    <subfield code="o">371.73 ATA</subfield>
    <subfield code="p">B-756300</subfield>
    <subfield code="r">2023-12-29 00:00:00</subfield>
    <subfield code="t">1</subfield>
    <subfield code="v">900.00</subfield>
    <subfield code="w">2023-12-29</subfield>
    <subfield code="y">EN</subfield>
  </datafield>
  <datafield tag="952" ind1=" " ind2=" ">
    <subfield code="0">0</subfield>
    <subfield code="1">0</subfield>
    <subfield code="4">0</subfield>
    <subfield code="7">0</subfield>
    <subfield code="8">NFIC</subfield>
    <subfield code="a">ZLS</subfield>
    <subfield code="b">ZLS</subfield>
    <subfield code="d">2023-12-29</subfield>
    <subfield code="e">Bharatiya Sahitya Bhavan/IN185/29.11.23/26/.23.11.23/1.12.23</subfield>
    <subfield code="g">900.00</subfield>
    <subfield code="l">0</subfield>
    <subfield code="o">371.73 ATA</subfield>
    <subfield code="p">B-756301</subfield>
    <subfield code="r">2023-12-29 00:00:00</subfield>
    <subfield code="t">1</subfield>
    <subfield code="v">900.00</subfield>
    <subfield code="w">2023-12-29</subfield>
    <subfield code="y">EN</subfield>
  </datafield>
  <datafield tag="952" ind1=" " ind2=" ">
    <subfield code="0">0</subfield>
    <subfield code="1">0</subfield>
    <subfield code="4">0</subfield>
    <subfield code="7">0</subfield>
    <subfield code="8">NFIC</subfield>
    <subfield code="a">BL4</subfield>
    <subfield code="b">BL4</subfield>
    <subfield code="d">2023-12-29</subfield>
    <subfield code="e">Bharatiya Sahitya Bhavan/IN185/29.11.23/26/.23.11.23/1.12.23</subfield>
    <subfield code="g">900.00</subfield>
    <subfield code="l">1</subfield>
    <subfield code="o">371.73 ATA</subfield>
    <subfield code="p">B-756302</subfield>
    <subfield code="r">2024-03-28 00:00:00</subfield>
    <subfield code="s">2024-02-23</subfield>
    <subfield code="t">1</subfield>
    <subfield code="v">900.00</subfield>
    <subfield code="w">2023-12-29</subfield>
    <subfield code="y">EN</subfield>
  </datafield>
</record>
